Beliebteste Babynamen in Deutschland - 2024 - Statistiken

Allgemein
  • Dieses Quiz wurde 236 mal gespielt
  • Das Durchschnittsergebnis liegt bei 8 aus 20
Antwortstatistiken
Vorname % Korrekt
Lia
67%
Emil
63%
Noah
60%
Leon
56%
Mia
55%
Paul
55%
Emma
53%
Luca
50%
Emilia
45%
Sophia
42%
Finn
41%
Hannah
36%
Lina
35%
Matteo
35%
Elias
33%
Theo
30%
Ella
22%
Henry
22%
Leni
18%
Mila
17%
Keine übereinstimmenden Quizze gefunden
Verteilung der Resultate
Anzahl Personen mit jedem Resultat
Perzentil nach korrekt beantworteten Fragen
Ihre Resultats-Entwicklung
Sie haben dieses Quiz noch nicht gespielt